KOHA-Header-6

Sociology (Record no. 13789)

000 -LEADER
fixed length control field 00295nam a22001337a 4500
020 ## - INTERNATIONAL STANDARD BOOK NUMBER
ISBN 9780745696683
082 ## - DEWEY DECIMAL CLASSIFICATION NUMBER
Classification number 301
100 ## - MAIN ENTRY--AUTHOR NAME
Personal name Anthony Giddens and Philip W. Sutton
245 ## - TITLE STATEMENT
Title Sociology
250 ## - EDITION STATEMENT
Edition statement 8th edition
260 ## - PUBLICATION, DISTRIBUTION, ETC. (IMPRINT)
Place of publication UK
Name of publisher Polity
Year of publication 2017
300 ## - PHYSICAL DESCRIPTION
Number of Pages XI, 1130 pages
942 ## - ADDED ENTRY ELEMENTS (KOHA)
Koha item type Books
Holdings
Withdrawn status Lost status Collection code Permanent Location Current Location Shelving location Date acquired Full call number Accession Number Koha item type
    Psychology MAJU MAJU Shelf No.A35 2023-08-29 301 10885 Psychology

Powered by Koha